000 00609nam a2200217Ia 4500
003 IIN
005 20250519113050.0
008 250519s2024 xx ad 001 0 eng d
020 _cRs.1750.00
_a9789356967359
040 _aIIN
_bEnglish
082 _a362.10425
_bKAD
245 1 _aIAPSM'S Textbook of Community Medicine/
_cedited by A M Kadri
250 _a3rd ed
260 _bJaypee
_aNew Delhi
_c2024
300 _axxvii, 1120p.
_e; 3 plate,
_bcol. ill.
500 _aIncludes Index
650 1 _aCommunity Health Nursing
650 1 _aCommunity Medicine
700 _aKadri, A. M. (ed.)
942 _cBOOK
999 _c1814
_d1814